00760cam a2200205 a 450000100100000000500170001000800410002704000250006808200140009310000410010724500410014825000120018926000520020130000250025365000290027865000310030704900150033895201840035399900170053700004019120201002033955.0810320s1966 ag 000 0 spa d aDO-SdBNPbspacBNPHU axxxxbxxx1 aCortázar, Julio,d1914-198491068810aFinal del juego /cJulio Cortázar. a5a. ed. aBuenos Aires, Argentina :bSudamericana,c1966. a195 [2] p. ;c19 cm. 4aCuentos argentinos93752 4aLiteratura argentina93860 aEn proceso 001050718MOaGRbGRcCTd2013-08-14iLF1l0oxxxx xxxp40191-10r2020-06-25w2020-06-25y1zPerteneció a la biblioteca personal de Aída Cartagena PortalatínZNo se presta c39681d39681